000 00583nam a2200217 a 4500
999 _c5381
_d5381
001 5381
003 BD-JhCC
005 20171213181618.0
008 171213s1951 bg |||| ||a| 000 0 eng d
035 _a(BD-JhCC)5381
040 _aBD-JhCC
_dBD-JhCC
041 _aeng
082 _a512.89
_bWAD 1951
100 _aWade, Thomas L.
245 _aThe Algebra Of Vectors And Matrices /
_cThomas L. Wade
260 _aUSA
_bAddison - wesley Publishing Company Inc,
_c1951.
300 _a187 p. :
_c22 cm.
650 _aAlgebra
_xVectors And Matrics
942 _2ddc
_cBK